| 000 | 00709nam a2200205 i 4500 | ||
|---|---|---|---|
| 001 | 92268 | ||
| 003 | ES-MaACL | ||
| 005 | 20250725232352.0 | ||
| 007 | t| | ||
| 008 | 050224s1970 sp ||||1| spa d | ||
| 245 | 0 | 0 |
_aLibro de oro de la poesía en lengua castellana _b: (España y América) / _cselección, prólogo y notas biográficas de María Luz Morales. |
| 250 | _a[1ª ed.]. | ||
| 260 |
_aBarcelona : _bJuventud, _c[1970] |
||
| 300 |
_a1 t. en 2 v. ; _c18 cm. |
||
| 650 | 7 |
_aPoesías españolas _2embne _916214 |
|
| 650 | 4 |
_aPoesías hispanoamericanas. _9148477 |
|
| 700 | 1 |
_aMorales, María Luz, _d1889-1980 _983001 |
|
| 852 |
_aES-MaACL _jC-40729-30 _bR.74505 |
||
| 999 |
_c92268 _d92268 |
||